000 00713nam0a22002411 4500
001 v19\rc\1469219
005 20250618145843.0
035 _a(NLR Aleph) 004605039
090 _a2837097
_c2837097
100 _a20060620d1878 |||y0rusy50 ca
101 0 _arus
102 _aRU
105 _ay z |||||
200 1 _aМосковский весельчак
_eСобр. рус. песен и романсов
_fСобр. Вас. Фе...ъ
210 _aМосква
_cАбрамовы
_d1878
215 _a34, II с.
_d18
702 1 _aФе...ъ
_bВас.
_4570
801 0 _aRU
_bNLR
_gpsbo
801 0 _aRU
_bRuMoRGB
_2psbo
801 1 _aRU
_bProSoft-M
_2rusmarc
852 _aNLR
_j18.132.4.62
942 _cBOOK
980 _aNB